<?xml version="1.0" encoding="UTF-8"?>
<record
    xmlns:xsi="http://www.w3.org/2001/XMLSchema-instance"
    xsi:schemaLocation="http://www.loc.gov/MARC21/slim http://www.loc.gov/standards/marcxml/schema/MARC21slim.xsd"
    xmlns="http://www.loc.gov/MARC21/slim">

  <leader>02296nem0a2200337   4500</leader>
  <controlfield tag="001">RU\NLR\BIBL_A\012548852</controlfield>
  <controlfield tag="005">20250624063600.0</controlfield>
  <datafield tag="035" ind1=" " ind2=" ">
    <subfield code="a">(NLR Aleph) 012548852</subfield>
  </datafield>
  <datafield tag="090" ind1=" " ind2=" ">
    <subfield code="a">12423152</subfield>
    <subfield code="c">12423152</subfield>
  </datafield>
  <datafield tag="100" ind1=" " ind2=" ">
    <subfield code="a">20210617d1899    |||y0rusy50      ca</subfield>
  </datafield>
  <datafield tag="101" ind1="0" ind2=" ">
    <subfield code="a">rus</subfield>
  </datafield>
  <datafield tag="102" ind1=" " ind2=" ">
    <subfield code="a">RU</subfield>
  </datafield>
  <datafield tag="120" ind1=" " ind2=" ">
    <subfield code="a">byy    xx||  </subfield>
  </datafield>
  <datafield tag="123" ind1="1" ind2=" ">
    <subfield code="a">&#x430;</subfield>
    <subfield code="b">1680000</subfield>
  </datafield>
  <datafield tag="200" ind1="1" ind2=" ">
    <subfield code="a">&#x41A;&#x430;&#x440;&#x442;&#x430; &#x411;&#x44D;&#x439;-&#x428;&#x430;&#x43D;&#x44F; &#x438; &#x41D;&#x430;&#x43D;&#x44C;-&#x428;&#x430;&#x43D;&#x44F;</subfield>
    <subfield code="b">&#x41A;&#x430;&#x440;&#x442;&#x44B;</subfield>
    <subfield code="f">&#x441;&#x43E;&#x441;&#x442;&#x430;&#x432;&#x43B;&#x435;&#x43D;&#x430; &#x43F;&#x43E; &#x43D;&#x43E;&#x432;&#x435;&#x439;&#x448;&#x438;&#x43C; &#x441;&#x432;&#x435;&#x434;&#x435;&#x43D;&#x438;&#x44F;&#x43C; &#x43C;&#x430;&#x440;&#x448;&#x440;&#x443;&#x442;&#x43D;&#x43E;&#x439; &#x441;&#x44A;&#x435;&#x43C;&#x43A;&#x438; &#x41C;. &#x415;. &#x413;&#x440;&#x443;&#x43C;-&#x413;&#x440;&#x436;&#x438;&#x43C;&#x430;&#x439;&#x43B;&#x43E;, &#x43F;&#x440;&#x43E;&#x438;&#x437;&#x432;&#x435;&#x434;&#x435;&#x43D;&#x43D;&#x43E;&#x439; &#x432; 1889-90 &#x433;.</subfield>
    <subfield code="g">&#x43F;&#x43E;&#x434; &#x440;&#x435;&#x434;&#x430;&#x43A;&#x446;. &#x433;&#x435;&#x43D;.-&#x43C;. &#x411;&#x43E;&#x43B;&#x44C;&#x448;&#x435;&#x432;&#x430;</subfield>
  </datafield>
  <datafield tag="206" ind1=" " ind2=" ">
    <subfield code="a">1:1 680 000, 40 &#x432;&#x435;&#x440;&#x441;&#x442; &#x432; 1 &#x434;&#x44E;&#x439;&#x43C;&#x435; (16,8 &#x43A;&#x43C; &#x432; 1 &#x441;&#x43C;)</subfield>
  </datafield>
  <datafield tag="210" ind1=" " ind2=" ">
    <subfield code="a">[&#x421;&#x430;&#x43D;&#x43A;&#x442;-&#x41F;&#x435;&#x442;&#x435;&#x440;&#x431;&#x443;&#x440;&#x433;]</subfield>
    <subfield code="c">&#x412;&#x43E;&#x435;&#x43D;&#x43D;&#x43E;-&#x442;&#x43E;&#x43F;&#x43E;&#x433;&#x440;&#x430;&#x444;&#x438;&#x447;&#x435;&#x441;&#x43A;&#x438;&#x439; &#x43E;&#x442;&#x434;&#x435;&#x43B; &#x413;&#x43B;&#x430;&#x432;&#x43D;&#x43E;&#x433;&#x43E; &#x448;&#x442;&#x430;&#x431;&#x430;</subfield>
    <subfield code="d">[1899]</subfield>
  </datafield>
  <datafield tag="215" ind1=" " ind2=" ">
    <subfield code="a">1 &#x43A;</subfield>
    <subfield code="c">&#x446;&#x432;.</subfield>
    <subfield code="d">60&#x445;65 &#x441;&#x43C;</subfield>
  </datafield>
  <datafield tag="300" ind1=" " ind2=" ">
    <subfield code="a">&#x418;&#x437; &#x438;&#x437;&#x434;.: &#x41E;&#x43F;&#x438;&#x441;&#x430;&#x43D;&#x438;&#x435; &#x43F;&#x443;&#x442;&#x435;&#x448;&#x435;&#x441;&#x442;&#x432;&#x438;&#x44F; &#x432; &#x417;&#x430;&#x43F;&#x430;&#x434;&#x43D;&#x44B;&#x439; &#x41A;&#x438;&#x442;&#x430;&#x439; / &#x441;&#x43E;&#x441;&#x442;&#x430;&#x432;&#x43B;&#x435;&#x43D;&#x43E; &#x413;. &#x415;. &#x413;&#x440;&#x443;&#x43C;-&#x413;&#x440;&#x436;&#x438;&#x43C;&#x430;&#x439;&#x43B;&#x43E; - &#x422;. 2. &#x41F;&#x43E;&#x43F;&#x435;&#x440;&#x435;&#x43A; &#x411;&#x44D;&#x439;-&#x448;&#x430;&#x43D;&#x44F; &#x438; &#x41D;&#x430;&#x43D;&#x44C;-&#x448;&#x430;&#x43D;&#x44F; &#x432; &#x434;&#x43E;&#x43B;&#x438;&#x43D;&#x443; &#x416;&#x435;&#x43B;&#x442;&#x43E;&#x439; &#x440;&#x435;&#x43A;&#x438;. - &#x421;.-&#x41F;&#x435;&#x442;&#x435;&#x440;&#x431;&#x443;&#x440;&#x433; : &#x438;&#x437;&#x434;&#x430;&#x43D;&#x438;&#x435; &#x418;&#x43C;&#x43F;&#x435;&#x440;&#x430;&#x442;&#x43E;&#x440;&#x441;&#x43A;&#x43E;&#x433;&#x43E; &#x420;&#x443;&#x441;&#x441;&#x43A;&#x43E;&#x433;&#x43E; &#x433;&#x435;&#x43E;&#x433;&#x440;&#x430;&#x444;&#x438;&#x447;&#x435;&#x441;&#x43A;&#x43E;&#x433;&#x43E; &#x43E;&#x431;&#x449;&#x435;&#x441;&#x442;&#x432;&#x430;, 1899</subfield>
  </datafield>
  <datafield tag="509" ind1="0" ind2="1">
    <subfield code="7">ca</subfield>
    <subfield code="a">&#x411;&#x44D;&#x439;&#x448;&#x430;&#x43D;&#x44C;,</subfield>
    <subfield code="e">&#x41A;&#x438;&#x442;&#x430;&#x439;, &#x437;&#x430;&#x43F;. &#x447;&#x430;&#x441;&#x442;&#x44C;</subfield>
    <subfield code="h">&#x43D;&#x430;&#x433;&#x43E;&#x440;&#x44C;&#x435;,</subfield>
    <subfield code="9">2638740</subfield>
    <subfield code="3">RU\NLR\AUTH\5507768</subfield>
  </datafield>
  <datafield tag="509" ind1="0" ind2="1">
    <subfield code="7">ca</subfield>
    <subfield code="a">&#x41D;&#x430;&#x43D;&#x44C;&#x448;&#x430;&#x43D;&#x44C;,</subfield>
    <subfield code="e">&#x41A;&#x438;&#x442;&#x430;&#x439;, &#x437;&#x430;&#x43F;. &#x447;&#x430;&#x441;&#x442;&#x44C;</subfield>
    <subfield code="h">&#x433;&#x43E;&#x440;&#x43D;&#x430;&#x44F; &#x441;&#x438;&#x441;&#x442;&#x435;&#x43C;&#x430;</subfield>
    <subfield code="9">2638741</subfield>
    <subfield code="3">RU\NLR\AUTH\5507769</subfield>
  </datafield>
  <datafield tag="606" ind1="1" ind2=" ">
    <subfield code="a">&#x41F;&#x443;&#x442;&#x435;&#x448;&#x435;&#x441;&#x442;&#x432;&#x438;&#x44F; &#x440;&#x443;&#x441;&#x441;&#x43A;&#x438;&#x435;</subfield>
    <subfield code="j">&#x41A;&#x430;&#x440;&#x442;&#x44B;</subfield>
    <subfield code="z">19 &#x432;.</subfield>
    <subfield code="9">2268349</subfield>
    <subfield code="3">RU\NLR\AUTH\661359693</subfield>
  </datafield>
  <datafield tag="608" ind1=" " ind2=" ">
    <subfield code="a">&#x41E;&#x431;&#x449;&#x435;&#x433;&#x435;&#x43E;&#x433;&#x440;&#x430;&#x444;&#x438;&#x447;&#x435;&#x441;&#x43A;&#x438;&#x435; &#x43A;&#x430;&#x440;&#x442;&#x44B; &#x43C;&#x435;&#x43B;&#x43A;&#x43E;&#x43C;&#x430;&#x441;&#x448;&#x442;&#x430;&#x431;&#x43D;&#x44B;&#x435;</subfield>
    <subfield code="9">2622600</subfield>
    <subfield code="3">RU\NLR\AUTH\661559160</subfield>
  </datafield>
  <datafield tag="702" ind1=" " ind2="1">
    <subfield code="a">&#x411;&#x43E;&#x43B;&#x44C;&#x448;&#x435;&#x432;</subfield>
    <subfield code="b">&#x410;. &#x410;.</subfield>
    <subfield code="f">1828-1904</subfield>
    <subfield code="g">&#x410;&#x43D;&#x434;&#x440;&#x435;&#x439; &#x410;&#x43B;&#x435;&#x43A;&#x441;&#x430;&#x43D;&#x434;&#x440;&#x43E;&#x432;&#x438;&#x447;</subfield>
    <subfield code="4">340</subfield>
  </datafield>
  <datafield tag="702" ind1=" " ind2="1">
    <subfield code="a">&#x413;&#x440;&#x443;&#x43C;-&#x413;&#x440;&#x436;&#x438;&#x43C;&#x430;&#x439;&#x43B;&#x43E;</subfield>
    <subfield code="b">&#x41C;. &#x415;.</subfield>
    <subfield code="d">1861-1921</subfield>
    <subfield code="f">&#x41C;&#x438;&#x445;&#x430;&#x438;&#x43B; &#x415;&#x444;&#x438;&#x43C;&#x43E;&#x432;&#x438;&#x447;</subfield>
  </datafield>
  <datafield tag="702" ind1=" " ind2="1">
    <subfield code="a">&#x413;&#x440;&#x443;&#x43C;-&#x413;&#x440;&#x436;&#x438;&#x43C;&#x430;&#x439;&#x43B;&#x43E;</subfield>
    <subfield code="b">&#x413;. &#x415;.</subfield>
    <subfield code="f">1860-1936</subfield>
    <subfield code="g">&#x413;&#x440;&#x438;&#x433;&#x43E;&#x440;&#x438;&#x439; &#x415;&#x444;&#x438;&#x43C;&#x43E;&#x432;&#x438;&#x447;</subfield>
  </datafield>
  <datafield tag="712" ind1="0" ind2="2">
    <subfield code="a">&#x412;&#x43E;&#x435;&#x43D;&#x43D;&#x43E;-&#x442;&#x43E;&#x43F;&#x43E;&#x433;&#x440;&#x430;&#x444;&#x438;&#x447;&#x435;&#x441;&#x43A;&#x438;&#x439; &#x43E;&#x442;&#x434;&#x435;&#x43B; &#x413;&#x43B;&#x430;&#x432;&#x43D;&#x43E;&#x433;&#x43E; &#x448;&#x442;&#x430;&#x431;&#x430;</subfield>
    <subfield code="c">&#x421;&#x430;&#x43D;&#x43A;&#x442;-&#x41F;&#x435;&#x442;&#x435;&#x440;&#x431;&#x443;&#x440;&#x433;</subfield>
    <subfield code="4">650</subfield>
  </datafield>
  <datafield tag="852" ind1=" " ind2=" ">
    <subfield code="a">NLR</subfield>
    <subfield code="b">&#x41A;</subfield>
    <subfield code="j">3-&#x426;&#x410;&#x437; 2/48</subfield>
    <subfield code="m">79681</subfield>
  </datafield>
  <datafield tag="942" ind1=" " ind2=" ">
    <subfield code="c">MAP</subfield>
  </datafield>
  <datafield tag="980" ind1=" " ind2=" ">
    <subfield code="a">NB</subfield>
  </datafield>
</record>
